Modernizing irrigation management : (Record no. 15517)

000 -LEADER
fixed length control field 01853cam a22002537a 4500
020 ## - INTERNATIONAL STANDARD BOOK NUMBER
ISBN 9789251057162
020 ## - INTERNATIONAL STANDARD BOOK NUMBER
ISBN 9251057168
040 ## - CATALOGING SOURCE
Transcribing agency MNU
082 00 - DEWEY DECIMAL CLASSIFICATION NUMBER
Classification number 333 FOO 2007 A077 Or.
100 1# - MAIN ENTRY--AUTHOR NAME
Personal name Renault, Daniel.
245 10 - TITLE STATEMENT
Title Modernizing irrigation management :
Remainder of title the MASSCOTE approach--Mapping System and Services for Canal Operation Techniques /
260 ## - PUBLICATION, DISTRIBUTION, ETC. (IMPRINT)
Place of publication Rome :
Name of publisher Food and Agriculture Organization of the United Nations,
Year of publication 2007.
300 ## - PHYSICAL DESCRIPTION
Number of Pages xxv, 207 p. :
Other physical details ill. (some col.), charts ;
Dimensions 30 cm. +
Accompanying material 2 CD-ROMs (4 3/4 in.)
520 ## - SUMMARY, ETC.
Summary, etc This publication describes the MASSCOTE methodology, illustrated by several applications in Asia. MASSCOTE is a comprehensive methodology for analyzing the modernization of canal operation. The aim is to enable experts to work together with users in determining improved processes for cost-effective service-oriented management. It is based on previous tools and approaches widely used in Asia by FAO in its modernization training program (rapid appraisal procedures and benchmarking). From diagnosis through the formulation of operational units and the planning of a service (based on the vision agreed upon with the users), MASSCOTE entails a systematic, ten-step, mapping exercise. The accompanying CD-ROMs contain the full document in English, excerpts in French, a draft version in Arabic and Chinese, training presentations and material, and a number of documents and references on irrigation system operation and management.--Publisher's description.
650 #0 - SUBJECT ADDED ENTRY--TOPICAL TERM
Topical Term Irrigation
650 #0 - SUBJECT ADDED ENTRY--TOPICAL TERM
Topical Term Irrigation efficiency
650 #0 - SUBJECT ADDED ENTRY--TOPICAL TERM
Topical Term Irrigation canals and flumes
650 #0 - SUBJECT ADDED ENTRY--TOPICAL TERM
Topical Term Canals
700 1# - ADDED ENTRY--PERSONAL NAME
Personal name Facon, Thierry.
700 1# - ADDED ENTRY--PERSONAL NAME
Personal name Wahaj, Robina.
710 2# - ADDED ENTRY--CORPORATE NAME
Corporate name or jurisdiction name as entry element Food and Agriculture Organization of the United Nations.
856 41 - ELECTRONIC LOCATION AND ACCESS
Uniform Resource Identifier ftp://ftp.fao.org/docrep/fao/010/a1114e/a1114e.pdf
942 ## - ADDED ENTRY ELEMENTS (KOHA)
Koha item type សៀវភៅភាសាអង់គ្លេស
952 ## - LOCATION AND ITEM INFORMATION (KOHA)
Withdrawn status [LOCAL, KOHA] 0
Holdings
Permanent Location Date acquired Koha item type Lost status Shelving location Barcode Current Location Full call number
Library Block A2017-11-28សៀវភៅភាសាអង់គ្លេស A077RUA059882Library Block A333 FOO 2007 A077 Or.
មជ្ឈមណ្ឌលឯការនៃសាកលវិទ្យាល័យភូមិន្ទកសិកម្មចំការដូង

Powered by Koha